Normal view
MARC view
- Billal Ghaffar
Entry Personal Name
001 - CONTROL NUMBER
- control field: 51568
003 - CONTROL NUMBER IDENTIFIER
- control field: NUST
005 - DATE AND TIME OF LATEST TRANSACTION
- control field: 20210314135026.0
008 - FIXED-LENGTH DATA ELEMENTS
- fixed length control field: 210314|| aca||aabn | a|a d
040 ## - CATALOGING SOURCE
- Original cataloging agency: NUST
- Transcribing agency: NUST
100 ## - HEADING--PERSONAL NAME
- Personal name: Billal Ghaffar
670 ## - SOURCE DATA FOUND
- Source citation: Work cat.: (NUST): Muhammad Saqib Sodagar 51566, Design, construction and operation of eccentric mass vibrator , 2019.
